00562nam a2200193Ia 4500008004100000020001800041082000800059100001500067245003200082250000600114260003900120300001600159500002400175650001600199700003900215942000700254952009000261999001700351230524s9999 xx 000 0 und d a9789380578484 bGUP aC.B. Gupta 0aAdvance Discrete Structrure a1 aNew DelhibI.K.Internationalc2010 a"XVI,491p;" aQuantity Number: 1 aMathamatics a S.R. Singh & Sandeep Kumar942961 cBK 00104070aTATCLbTATCLcGENd2023-05-24l0o GUPp54212r2023-05-24w2023-05-24yBK c57919d57919